Subcategory Multiple Choice: Miscellaneous Quiz Stats

Quiz Updated Jul 29, 2017

Challenge
Share
Tweet
Embed
Score 0/15 Timer 04:00
28 Plays Today
Question Answer Wrong Answers
Logo
Which fast food company is well known for its 'Golden Arches' logo?
McDonald's
96.9%
Burger King
0.6%
Subway
0.5%
Wendy's
0.7%
Food
Gala, Braeburn, and Granny Smith are all types of what fruit?
Apple
96.8%
Banana
0.4%
Mango
0.4%
Grape
0.8%
General Knowledge
Which of these is not a quadrilateral?
Triangle
92.7%
Parallelogram
2.1%
Trapezoid
2.4%
Rhombus
2.7%
Popular
Which of these celebrities was born in the United States?
Will Smith
91.1%
Justin Bieber
3.3%
David Beckham
1%
Hugh Jackman
1.8%
Image Quiz
Which of these games types does not feature some sort of image?
Clickable
82.4%
Picture Click
1.8%
Map
11.2%
Slideshow
3.4%
University
Which of these is not part of the Ivy League?
MIT
79%
Columbia
5.9%
Dartmouth
11.4%
Princeton
1.3%
Letter
Which Latin letter sometimes has a tilde in Spanish?
N
68.2%
C
15.8%
B
5.5%
L
7.2%
Baby Names
What was the most popular American male baby name from 1961-1998?
Michael
65.4%
James
22.2%
George
7.7%
Peter
4%
College
Which of these is not considered an NCAA football Power Five conference?
MAC
61%
Pac-12
14.8%
Big Ten
9.2%
ACC
12.3%
Numbers
What is the square root of 576?
24
56.8%
22
5%
18
11.7%
28
24.4%
Automobiles
Which of these GM brands has been discontinued?
Pontiac
43.7%
Buick
10.7%
Opel
22.9%
Vauxhall
20.9%
Slogan
What is the current Wendy's slogan?
Quality is our recipe
42.6%
Where's the beef?
16.1%
Now that's better
14.4%
You know when it's real
23.8%
Restaurants
What is the highest-grossing pizza chain in the United States?
Pizza Hut
41%
Papa John's
17.8%
Domino's
33%
Little Caesars
5%
Grab Bag
Which of these is not a Sporcle subcategory?
Boxing
32.4%
Toys
9.7%
Japanese
48.3%
Quote
7.4%
Company
Which of these is not a Dow 30 company?
Google
24.8%
Nike
17%
Cisco
38.9%
Johnson & Johnson
16.4%

You're not logged in!

Compare scores with friends on all Sporcle quizzes.
Sign Up with Email
OR
Log In

You Might Also Like...

Show Comments

Extras

Top Quizzes Today


Score Distribution

Your Account Isn't Verified!

In order to create a playlist on Sporcle, you need to verify the email address you used during registration. Go to your Sporcle Settings to finish the process.